| 000 | 00495nam a22001817a 4500 | ||
|---|---|---|---|
| 003 | CEME | ||
| 005 | 20210628203509.0 | ||
| 008 | 210316b xxu||||| |||| 00| 0 eng d | ||
| 020 | _a1-56347-069-1 | ||
| 040 | _c. | ||
| 082 | _a629.1 ACQ'P | ||
| 100 |
_aPrzemieniecki, J. S _959287 |
||
| 245 | _aAcquistion of defence systems | ||
| 260 |
_aUSA _bAIAA _c1993 |
||
| 300 | _a366P | ||
| 650 |
_aUNITED STATES AIR FORCE PROCUREMENT UNITED STATE AIR FORCE WEAPONS SYSTEM _965829 |
||
| 942 |
_cBK _2ddc |
||
| 999 |
_c573929 _d573929 |
||